000 01010nam a2200301 i 4500
003 EG-GICUC
005 20260403092154.0
008 260403s1976 us ||||fr|||| 00| 0 eng d
020 _a0884102998
040 _aEG-GiCUC
_beng
_cEG-GiCUC
_dEG-GiCUC
_eRda
082 0 4 _221
_a341.3
_bFA . S
092 0 4 _221
099 _aLaw1 11 341.3 FA . S 1976
100 1 _aFayerweather,John
_eAuthor.
245 _aStrategy And Negotiation For The International Corporation :
_bGuidelines And Cases /
_cJohn Fayerweather .
264 1 _aUnited States :
_bBallinger Publishing Company ,
_c1976 .
300 _a465 page ;
_c24 cm.
336 _2rda contenu
_a texte
337 _2rda medias
_aOrdinateur
338 _2 transporteur rda
_a Ressource en ligne
546 _aText in English
650 _aPublic International Law
650 _aInternational Relations
700 1 _aKapoor,Ashok
_eAuthor.
856 4 0 _uhttps://fll.law.cu.edu.eg/fulltext/bks/B11-06736.pdf
905 _a59
942 _2ddc
_n0
_cBK
_e21
999 _c68531
_d68531